The art of murder : new essays on detective fiction
Αποθηκεύτηκε σε:
| Άλλοι συγγραφείς: | |
|---|---|
| Μορφή: | Βιβλίο |
| Γλώσσα: | English |
| Δημοσίευση: |
[Tubingen] :
Stauffenburg,
[1998]
|
| Σειρά: | ZAA studies ;
; 3 |
| Θέματα: | |
| Ετικέτες: |
Προσθήκη ετικέτας
Δεν υπάρχουν, Καταχωρήστε ετικέτα πρώτοι!
|
MARC
| LEADER | 00000nam a2200000 i 4500 | ||
|---|---|---|---|
| 001 | 1/59687 | ||
| 008 | 071019s1998 eng d | ||
| 020 | |a 3-86057-732-8 | ||
| 022 | |a 14340348 | ||
| 035 | |l 10091700 | ||
| 040 | |a GR-MY-UA |b gre |e aacr | ||
| 041 | 0 | |a eng | |
| 082 | 0 | |a 823.087208 |2 (22) | |
| 245 | 1 | 4 | |a The art of murder : |b new essays on detective fiction / |c H. Gustav Klaus / Stephen Knight (eds.) |
| 260 | |a [Tubingen] : |b Stauffenburg, |c [1998] | ||
| 300 | |a 204 σ.; |c 22 εκ. | ||
| 490 | 1 | |a ZAA Studies |v ; 3 | |
| 504 | |a Περιλαμβάνει βιβλιογραφίες και ευρετήριο | ||
| 650 | 0 | 0 | |a Detective and mystery stories, English |x History and criticism. |
| 650 | 0 | 0 | |a Detective and mystery stories |x History and criticism. |
| 700 | 1 | |a Klaus, H. Gustav |d 1944- |4 edt | |
| 830 | 0 | |a ZAA studies ; |v ; 3 | |
| 852 | |a INST |b RHODES |e 20071019 |h 823.087208 ART |p 005400025380 |q 005400025380 |t BK |y 0 | ||
| 901 | |a BIBL4-2007-3 | ||
| 909 | |a Ρ |b 139519 | ||
| 922 | |a 4ΕΛΗ |b 200708 |c ΕΠΕΑΕΚ2/ΠΤΔΕ |d ΠΑΠΑΣΩΤΗΡΙΟΥ | ||
| 970 | |a ΧΑΡΙΟΠΟΛΙΤΟΥ |b ΚΩΝΣΤΑΝΤΙΝΑ |z 2007/10/19 | ||